Eshap ki kathai (Record no. 7076)

MARC details
000 -LEADER
fixed length control field 00524cam a2200217ua 4500
001 - CONTROL NUMBER
control field 7962
005 - DATE AND TIME OF LATEST TRANSACTION
control field 20260515114256.0
008 - FIXED-LENGTH DATA ELEMENTS--GENERAL INFORMATION
fixed length control field 150102n ii |||gr||||Z||||||hin
020 ## - INTERNATIONAL STANDARD BOOK NUMBER
International Standard Book Number 8178061198
040 ## - CATALOGING SOURCE
Transcribing agency MAIN
041 ## - LANGUAGE CODE
Language code of text/sound track or separate title hin
082 ## - DEWEY DECIMAL CLASSIFICATION NUMBER
Classification number 891.433
100 ## - MAIN ENTRY--PERSONAL NAME
Personal name Prashun, E.,
Relator term Author.
245 1# - TITLE STATEMENT
Title Eshap ki kathai
Statement of responsibility, etc. By Srikanta Prashun
250 ## - EDITION STATEMENT
Edition statement 1st.
260 ## - PUBLICATION, DISTRIBUTION, ETC.
Place of publication, distribution, etc. New Delhi:
Name of publisher, distributor, etc. Unicorn,
Date of publication, distribution, etc. 2006.
300 ## - PHYSICAL DESCRIPTION
Extent 94p.
653 ## - INDEX TERM--UNCONTROLLED
Uncontrolled term East Indo-European & Celtic literatures
653 ## - INDEX TERM--UNCONTROLLED
Uncontrolled term Hindi stories
942 ## - ADDED ENTRY ELEMENTS (KOHA)
Koha item type Books
Holdings
Withdrawn status Lost status Damaged status Not for loan Home library Current library Shelving location Date acquired Total checkouts Full call number Barcode Date last seen Date last checked out Copy number Price effective from Koha item type
        Naharkatiya College Library Naharkatiya College Library General stacks 09/19/2020 1 891.433 | PRA 19666 12/07/2024 11/28/2024 1 09/19/2020 Books